Докладная записка церковного попечительства о бедных армянах в г. Астрахани генерал-губернатору Астраханскому, Саратовскому и Са...

RUSMARC
00005670nac2a22003493x 450
0015019a056-5334-4796-a28f-e3e1549de1d5
00520240819141842.0
100##$a20240716l1879 k y0rusy50 ca
1010#$arus
102##$aRU
105##$ay z |||||
1220#$ad18790309
2001#$aДокладная записка церковного попечительства о бедных армянах в г. Астрахани генерал-губернатору Астраханскому, Саратовскому и Самарскому М. Т. Лорис-Меликову о необходимости обмена четырехпроцентных денежных билетов на пятипроцентные банковские билеты
$j09.03.1879
215##$a3 листа
$d37 х 24,8
251##$cДело
300##$aЗаголовок дела на папке: Докладная записка церковного попечительства о бедных армянах в г. Астрахани г.-губернатору Астраханской, Саратовской и Самарской губерний М. Т. Лорис-Меликову о необходимости обмена 4% денежных билетов на 5% банковых билетов
300##$aРукописный текст
325##$aЗамикрофильмировано
330##$aВходит в раздел описи: Материалы по Астраханскому, Саратовскому и Самарскому генерал-губернаторству Лорис-Меликова М. Т. 02.02.1879 - 02.05.1879
461#0$1001cda3d175-ae4a-411a-8dea-9cc20fb178f6
$12001
$aЛорис-Меликов Михаил Тариелович, граф, министр внутренних дел, главный начальник "верховной распорядительной комиссии по охранению государственного порядка и общественного спокойствия", генерал от кавалерии
$1251
$cФонд
$1852
$j569
462#0$1001163e060a-d7cc-404d-90ee-e28c9801971b
$12001
$aОпись дел фонда М. Т. Лорис-Меликова за 1858-1915 гг.
$vД. 12
$1251
$cОпись
$1852
$j1
5171#$aДокладная записка церковного попечительства о бедных армянах в г. Астрахани г.-губернатору Астраханской, Саратовской и Самарской губерний М. Т. Лорис-Меликову о необходимости обмена 4% денежных билетов на 5% банковых билетов
600#1$aЛорис-Меликов
$bМ. Т.
$gМихаил Тариелович
60102$aАстраханский, Саратовский и Самарский генерал-губернатор
605##$3DITM\AF\0000002775
$aВласть
$lколлекция
$2acquisition_prlib
607##$aАстрахань, город
6101#$aЦерковное попечительство
$aДенежные билеты
$aБанковые билеты
686##$a63.3(2)535-332ю1
$cИстория
$2rubbk
686##$a67.400.6ю1
$cПраво
$2rubbk
801#0$aRU
$bGA_RF
801#1$aRU
$bГлавНИВЦ
$c20240716
$2rusmarc
801#2$aRU
$bПБ им. Б.Н. Ельцина
$c20240819
$gRCR
$2rusmarc
852##$aГА РФ
$j12
937##$d193615562
$hГАРФ
035##$aRuPRLIB51076362
856##$uhttp://readingroom.main.prlib.ru/item.aspx?id_node=n193615562&mode=full
Формат отображения